000 00396nam a2200145Ia 4500
008 230711s9999||||xx |||||||||||||| ||und||
041 _aENG
082 _a4
_bEV-C
100 _aE.V Krishna Murthy
245 0 _aIntroductory theory of computer science
250 _a1st
260 _c1990
_aNew Delhi
_bEWP(Affiliated East-West Press Private Limited)
650 _aComputer Engineering
942 _cBK
999 _c666
_d666